000
00185 a2200097 4500
020
_a
9780439803656
041
_a
eng
100
_a
Lehman, Barbara
245
_a
The red book
942
_c
BK
999
_c
31830
_d
31828